Miasta w Iraku - nagła śmierć - Statystyki

Ogólne statystyki
  • Ten quiz został rozwiązany 28 razy
  • Średni wynik to 6 z 9
Answers on the Grid
Answers color-coded by a green-red scale on the quiz's grid according to % correct below.
Bagdad
Mosul
Basra
Irbil
Kirkuk
As-Sulajmanijja
Karbala
An-Nadżaf
An-Nasirijja
Meszhed
Kuwejt
Ahwaz
Aden
Ad-Dammam
Bejrut
 
Statystyki odpowiedzi
Odpowiedź % Poprawnych
Bagdad
95%
Basra
77%
Kirkuk
73%
Mosul
73%
Karbala
64%
Irbil
55%
An-Nadżaf
45%
An-Nasirijja
45%
As-Sulajmanijja
41%
Nie znaleziono quizów pasujących do podanych kryteriów
Rozkład punktacji
Procent ludzi z każdym wynikiem
Percentyl według liczby udzielonych odpowiedzi
Twoja historia wyników
Nie rozwiązałeś tego quizu